000 00660nam a2200253Ia 4500
003 OSt
005 20221006143921.0
006 a|||||r|||| 00| 0
007 ta
008 221006b |||||||| |||| 00| 0 eng d
020 _a0704332213
_c55.20
024 _a10,395
037 _cTextual
040 _aEASL
_cEASL
_beng
041 _2eng
_aeng
082 _aW.41.N77, L8
100 _aHARRIS Nigel
245 0 _aMandate of heaven
_b Marx and Mao in modern China
260 _aLondon
_bQuartet Books
_c1978
300 _a307p.
_ccm.
490 _v CEL
942 _hW.41.N77, L8
_cTEXL
_2CC
999 _c1078481
_d1078481